| 000 | 00529nam a2200205Ia 4500 | ||
|---|---|---|---|
| 003 | GCL | ||
| 008 | 140319s9999 xx 000 0 eng d | ||
| 020 | _a1564968847 | ||
| 040 |
_aGCL / _cGCL |
||
| 082 | 0 | 4 |
_a741.65 _bM B |
| 100 | 1 | _aMONTEITH, KENNY | |
| 245 | 1 | 0 |
_aTHE BEST OF NEWSPAPER DESIGN / _cMONTEITH, KENNY |
| 250 | _a23 | ||
| 260 |
_a[S.N] : _bSOCIETY FOR NEWS DESIGN ، _c2002 |
||
| 300 |
_a272 P ؛ _c32 cm. |
||
| 650 | 0 | 4 | _aPERIODICALS |
| 650 | 0 | 4 | _aNEWSPAPERS |
| 650 | 0 | 4 | _aDESIGN, NEWSPAPER |
| 942 |
_2ddc _cBK |
||
| 999 |
_c6597 _d6597 |
||